| 000 | 01201nam a2200289 a 4500 | ||
|---|---|---|---|
| 005 | 20240910064045.0 | ||
| 008 | 991125s1945 mx 000 0 spa u | ||
| 035 | _aUPN01000034831 | ||
| 049 | _aSEP | ||
| 050 | 4 |
_aAC70 _bB5a no.36-40 |
|
| 100 | 1 |
_aGarcía, Genaro, _d1867-1920 _941449 |
|
| 245 | 1 | 0 |
_aLeona Vicario : _bheroína insurgente / _cpor Genaro García. |
| 260 |
_aMéxico : _bSEP, _c1945. |
||
| 300 | _a1 v. (en varias paginaciones) | ||
| 440 | 0 |
_aBiblioteca enciclopédica popular ; _v36-40 |
|
| 501 | _aEncuadernado con: no.37. Botánica agrícola mexicana : breves monografías / recopilación de Narciso Serradel -- no.38. La religión de los aztecas / por Alfonso Casono -- no.39. Poemas y cuentos / Manuel José Othon | ||
| 600 | 1 | 4 |
_aFEYJOO Y MONTENEGRO, BENITO JERONIMO, _cFRAY, _d1676-1764 |
| 600 | 1 | 4 |
_aVICARIO, LEONA, _d1787-1842 |
| 650 | 2 |
_aAgricultura _91809 |
|
| 650 | 4 |
_aAztecas _xReligión y mitología _95429 |
|
| 650 | 4 |
_aPoesía mexicana _91273 |
|
| 700 | 1 |
_aOthón, Manuel José, _d1858-1906 _ecoaut. _928582 |
|
| 740 | 0 | _aBotánica agrícola mexicana : breves monografías | |
| 740 | 3 | _aLa religión de los aztecas | |
| 740 | 0 | _aPoemas y cuentos | |
| 905 | _aLibro | ||
| 999 |
_c34831 _d34831 |
||